| 000 | 01449nam a2200397Ii 4500 | ||
|---|---|---|---|
| 001 | DIGBIN00910 | ||
| 003 | NyNyDIG | ||
| 006 | m o d | ||
| 007 | cr ||||||||||| | ||
| 008 | 110625s2011 sp a o 000 0dspa d | ||
| 020 | _z8499402291 | ||
| 020 | _z9788499402291 | ||
| 035 | _a(OCoLC)888255461 | ||
| 040 |
_aDGITA _beng _epn _cDGITA |
||
| 041 | 1 |
_aspa _heng |
|
| 050 | 1 | 4 | _aPR4622.S8 eBook |
| 100 | 1 |
_aDoyle, Arthur Conan, _cSir, _d1859-1930. |
|
| 240 | 1 | 0 |
_aStudy in scarlet. _lSpanish |
| 245 | 1 | 3 |
_aEstudio en escarlata / _cArthur Conan Doyle ; [edición y prólogo de José Ramón Díaz Gijón; ilustraciones, Ariette Imbert]. |
| 264 | 1 |
_aMadrid : _bBiblioteca Nueva, _c2011. |
|
| 300 |
_a1 online resource (240 pages) : _bill. |
||
| 336 |
_atext _btxt _2rdacontent |
||
| 337 |
_acomputer _bc _2rdamedia |
||
| 338 |
_aonline resource _bcr _2rdacarrier |
||
| 490 | 1 |
_aBiblioteca nueva de aventuras ; _v10. |
|
| 500 | _aTranslation of: Study in scarlet | ||
| 650 | 0 |
_aHolmes, Sherlock (Fictitious character) _vFiction. |
|
| 655 | 0 | _aElectronic books. | |
| 700 | 1 |
_aDíaz Gijón, José R. _q(José Ramón) |
|
| 791 | 2 |
_aDigitalia (Firm), _edistributor. |
|
| 830 | 0 |
_aColección biblioteca nueva de aventuras ; _v10. |
|
| 793 | 0 |
_gDigitalia eBook Collection: _aBiblioteca Nueva |
|
| 856 | 4 | 0 |
_3Digitalia Hispánica _uhttps://www.digitaliapublishing.com/a/10024/ |
| 910 | _aPremium Collection: 2007-2012 | ||
| 942 | _cRAA | ||
| 999 |
_c232321 _d232321 |
||